00558nam a2200169 4500001000700000003000900007005001700016007000300033008004100036100003100077245005100108260004200159300002600201852002200227999001900249952012000268127538ES-MaACL20230906193031.0t|070214s1929 xxu r ||||1| eng d1 aRietz, Henry Lewis.99717110aMathematical statisties / cHenry Lewis Rietz. aChicago : bUniversity Press, c1929. aXI, 181 p. ; c19 cm. aES-MaACLjB-12520 c127538d127538 00104070aATENEOMbATENEOMcSPBd2008-01-17eSCl0oB-12520p1132837r2023-02-23 00:00:00w2023-02-23yMONOGRAFIA